<?xml version="1.0" encoding="UTF-8"?>
<collection xmlns="http://www.loc.gov/MARC21/slim">
 <record>
  <leader>01086nam a22002535a 4500</leader>
  <controlfield tag="001">CEM.cems014607</controlfield>
  <controlfield tag="005">20150713154905.0</controlfield>
  <controlfield tag="008">130507s2015##################000#0#####d</controlfield>
  <controlfield tag="003">CEMS</controlfield>
  <datafield tag="020" ind1=" " ind2=" ">
   <subfield code="a">9789876144728</subfield>
  </datafield>
  <datafield tag="082" ind1="0" ind2="4">
   <subfield code="a">910.3</subfield>
  </datafield>
  <datafield tag="100" ind1="1" ind2=" ">
   <subfield code="a">Ramonet, Ignacio</subfield>
  </datafield>
  <datafield tag="245" ind1="1" ind2="0">
   <subfield code="a">Explorador le monde diplomatique: méxico /</subfield>
   <subfield code="c">Ignacio Ramonet ... y Otros; coordinado Por Luciana Garbarino; compilado Por José Natanson</subfield>
  </datafield>
  <datafield tag="260" ind1=" " ind2=" ">
   <subfield code="a">Buenos Aires :</subfield>
   <subfield code="b">Capital Intelectual,</subfield>
   <subfield code="c">2015</subfield>
  </datafield>
  <datafield tag="300" ind1=" " ind2=" ">
   <subfield code="a">88 p.</subfield>
  </datafield>
  <datafield tag="490" ind1="0" ind2=" ">
   <subfield code="a">Tercera Serie ; 2</subfield>
  </datafield>
  <datafield tag="505" ind1="0" ind2=" ">
   <subfield code="a">Introducción: La revolución inconclusa -- El fin del milagro mexicano: lo pasado --La tromenta interior: México hacia adentro --Tan cerca y tan lejos del norte: México hacia afuera -- Una identiduad multicultural: lo vivido, lo pensado, lo imaginado -- de la protesta a la propuesta: lo que vendrá</subfield>
  </datafield>
  <datafield tag="653" ind1=" " ind2=" ">
   <subfield code="a">Geografía</subfield>
  </datafield>
  <datafield tag="653" ind1=" " ind2=" ">
   <subfield code="a">Historia</subfield>
  </datafield>
  <datafield tag="653" ind1=" " ind2=" ">
   <subfield code="a">Economía</subfield>
  </datafield>
  <datafield tag="653" ind1=" " ind2=" ">
   <subfield code="a">México</subfield>
  </datafield>
  <datafield tag="700" ind1="1" ind2=" ">
   <subfield code="a">Garbarino, Luciana ; coord.</subfield>
  </datafield>
  <datafield tag="700" ind1="1" ind2=" ">
   <subfield code="a">Natanson, José; comp.</subfield>
  </datafield>
  <datafield tag="859" ind1=" " ind2=" ">
   <subfield code="a">CEMS</subfield>
   <subfield code="b">BIB. CEMS - 11 de abril</subfield>
   <subfield code="h">910.3</subfield>
   <subfield code="i">N191-9</subfield>
   <subfield code="p">27176.15</subfield>
   <subfield code="t">Ej.1</subfield>
  </datafield>
 </record>
</collection>
